[Event "Open Olomouc 2009"]
[Site "Olomouc (CZE)"]
[Date "2009.08.13"]
[Round "9.10"]
[White "Plischki, Sebastian"]
[Black "Wasik, Piotr"]
[Result "1-0"]
[WhiteElo "2368"]
[BlackElo "1976"]
[PlyCount "63"]
[EventDate "2009.08.06"]

1. d4 d5 2. c4 c6 3. Nf3 Nf6 4. Nc3 a6 5. a4 e6 6. g3 Bd6 7. Bg2 Nbd7 8. O-O
O-O 9. Nd2 Bc7 10. e4 dxe4 11. Ndxe4 Nxe4 12. Nxe4 f5 13. Ng5 Nb6 14. b3 Qf6
15. f4 Rd8 16. Bb2 c5 17. a5 Nd7 18. Nxe6 Bd6 19. Nxd8 Qxd8 20. Kh1 Qf8 21. b4
cxd4 22. c5 Bc7 23. Qxd4 Rb8 24. Rfe1 Nf6 25. Qc4+ Kh8 26. Bxf6 gxf6 27. Rad1
h5 28. Qe2 Qf7 29. Qe8+ Qxe8 30. Rxe8+ Kg7 31. Re7+ Kg6 32. Rxc7 1-0

[Event "Open Olomouc 2009"]
[Site "Olomouc (CZE)"]
[Date "2009.08.13"]
[Round "9.11"]
[White "Navratil-Sen., Jiri"]
[Black "Bigg, Andrew"]
[Result "1/2-1/2"]
[WhiteElo "2145"]
[BlackElo "2289"]
[PlyCount "47"]
[EventDate "2009.08.06"]

1. d4 e6 2. Bf4 f5 3. e3 Nf6 4. h3 b6 5. Nf3 Bb7 6. Be2 g6 7. Nbd2 Bg7 8. c3
O-O 9. Qb3 Re8 10. Bg5 h6 11. Bxf6 Qxf6 12. g4 Nc6 13. O-O-O a5 14. a3 a4 15.
Qc2 Ne7 16. gxf5 exf5 17. Rhg1 Qe6 18. Ne5 d6 19. Bc4 d5 20. Bd3 Bxe5 21. dxe5
Qxe5 22. Nf3 Qf6 23. Nd4 Kh8 24. Bb5 1/2-1/2

[Event "Open Olomouc 2009"]
[Site "Olomouc (CZE)"]
[Date "2009.08.13"]
[Round "9.13"]
[White "Dauth, Benjamin"]
[Black "Kasparova, Tatiana"]
[Result "1/2-1/2"]
[WhiteElo "2318"]
[BlackElo "2169"]
[PlyCount "199"]
[EventDate "2009.08.06"]

1. e4 c6 2. d4 d5 3. exd5 cxd5 4. Bd3 Nc6 5. c3 Nf6 6. Ne2 Bg4 7. Qb3 Na5 8.
Qa4+ Bd7 9. Qc2 Qb6 10. b4 Nc4 11. a4 Rc8 12. O-O Bg4 13. a5 Qd8 14. Ng3 Qc7
15. Bg5 Nh5 16. Re1 Nxg3 17. hxg3 e6 18. Nd2 Bd6 19. Bxc4 dxc4 20. Ne4 O-O 21.
Nxd6 Qxd6 22. Qe4 Bf5 23. Qxb7 Rc7 24. Qf3 Qd7 25. Bf4 Rb7 26. Rad1 Rb5 27. Re5
Rd5 28. Rde1 Rd8 29. Qe2 Qc6 30. Qf3 Qd7 31. g4 Bg6 32. R5e3 h6 33. Qg3 Re8 34.
g5 hxg5 35. Bxg5 Qb5 36. Bf4 Rh5 37. Re5 Rxe5 38. Bxe5 Qa4 39. Bb8 a6 40. Bf4
Rd8 41. Be5 Rd5 42. Re4 Qd1+ 43. Kh2 Qd3 44. Re3 Qf5 45. Re1 Qd3 46. Qh4 f6 47.
Re3 Qc2 48. Rh3 fxe5 49. Qh8+ Kf7 50. Rf3+ Bf5 51. g4 exd4 52. gxf5 Rxf5 53.
Qh5+ Kf8 54. Qh8+ Kf7 55. Qh5+ Ke7 56. Qh4+ Rf6 57. Rxf6 gxf6 58. Qxd4 Qh7+ 59.
Kg2 Qg6+ 60. Kf3 Qf5+ 61. Ke3 Qg5+ 62. Ke2 Qh5+ 63. Ke1 Qh1+ 64. Ke2 Qh5+ 65.
Ke1 Qh1+ 66. Kd2 Qh6+ 67. Kd1 Qh5+ 68. Kc1 Qg5+ 69. Kb2 Qb5 70. Qa7+ Kd6 71.
Qa8 f5 72. Qd8+ Qd7 73. Qxd7+ Kxd7 74. f4 Kc6 75. Kc2 Kd6 76. Kd2 Kc6 77. Ke2
Kd6 78. Kf2 Kc6 79. Kg3 Kd6 80. Kh4 Kc6 81. Kg5 Kd7 82. Kg6 Kc6 83. Kf7 Kd7 84.
Kg6 Kc6 85. Kh5 Kd6 86. Kh6 Kd5 87. Kg6 Kc6 88. Kg5 Kd5 89. Kh4 Kc6 90. Kg3 Kd6
91. Kf3 Kc6 92. Ke3 Kd5 93. Kd2 Kd6 94. Kc2 Kc6 95. Kb2 Kd5 96. Kb1 Kc6 97. Kc2
Kd6 98. Kc1 Kc6 99. Kb2 Kd5 100. Kc2 1/2-1/2

[Event "Open Olomouc 2009"]
[Site "Olomouc (CZE)"]
[Date "2009.08.13"]
[Round "9.15"]
[White "Ter-Karapetian, Armen"]
[Black "Gunajew, Rafal"]
[Result "1/2-1/2"]
[WhiteElo "2108"]
[BlackElo "2280"]
[PlyCount "38"]
[EventDate "2009.08.06"]

1. d4 d5 2. c4 e6 3. Nc3 c6 4. e3 Bd6 5. Nf3 f5 6. Qc2 Nf6 7. cxd5 exd5 8. Bd3
Ne4 9. O-O O-O 10. Ne5 Nd7 11. f3 Nxc3 12. Qxc3 Qe7 13. f4 Nf6 14. Bd2 Ne4 15.
Bxe4 dxe4 16. b4 Be6 17. a4 a6 18. Rfb1 Rfc8 19. Be1 Bd5 1/2-1/2